Sports Quiz

Random Sports Quiz
Score 0/143 Timer 07:00
0 Plays Today
Match Answer % Correct
GermanyFabien Barthez
100%
PortugalFabien Barthez
100%
DenmarkFabien Barthez
100%
AlgeriaFabien Barthez
100%
AustraliaFabien Barthez
100%
JapanThierry Henry
99.6%
SpainThierry Henry
99.6%
PortugalThierry Henry
99.6%
DenmarkThierry Henry
99.6%
AlgeriaThierry Henry
99.6%
GermanyZinédine Zidane
99.2%
JapanZinédine Zidane
99.2%
SpainZinédine Zidane
99.2%
PortugalZinédine Zidane
99.2%
DenmarkZinédine Zidane
99.2%
ChileZinédine Zidane
99.2%
AlgeriaZinédine Zidane
99.2%
AustraliaZinédine Zidane
99.2%
GermanyMarcel Desailly
98.8%
JapanMarcel Desailly
98.8%
JapanBixente Lizarazu
98.8%
SpainMarcel Desailly
98.8%
SpainBixente Lizarazu
98.8%
PortugalMarcel Desailly
98.8%
PortugalBixente Lizarazu
98.8%
South KoreaMarcel Desailly
98.8%
South KoreaBixente Lizarazu
98.8%
MexicoMarcel Desailly
98.8%
MexicoBixente Lizarazu
98.8%
BrazilMarcel Desailly
98.8%
BrazilBixente Lizarazu
98.8%
JapanMarcel Desailly
98.8%
JapanBixente Lizarazu
98.8%
DenmarkMarcel Desailly
98.8%
DenmarkBixente Lizarazu
98.8%
ChileMarcel Desailly
98.8%
ChileBixente Lizarazu
98.8%
ChileDavid Trezeguet
98.8%
AlgeriaMarcel Desailly
98.8%
AlgeriaDavid Trezeguet
98.8%
AustraliaMarcel Desailly
98.8%
AustraliaDavid Trezeguet
98.8%
PortugalLilian Thuram
98%
DenmarkLilian Thuram
98%
ChileLilian Thuram
98%
AlgeriaLilian Thuram
98%
GermanyEmmanuel Petit
97.2%
JapanEmmanuel Petit
97.2%
Match Answer % Correct
SpainEmmanuel Petit
97.2%
PortugalEmmanuel Petit
97.2%
DenmarkEmmanuel Petit
97.2%
ChileEmmanuel Petit
97.2%
AlgeriaEmmanuel Petit
97.2%
GermanyPatrick Vieira
96.4%
GermanySylvain Wiltord
96.4%
GermanyNicolas Anelka
96.4%
SpainPatrick Vieira
96.4%
PortugalPatrick Vieira
96.4%
PortugalSylvain Wiltord
96.4%
South KoreaPatrick Vieira
96.4%
South KoreaNicolas Anelka
96.4%
AustraliaSylvain Wiltord
96.4%
MexicoPatrick Vieira
96.4%
MexicoSylvain Wiltord
96.4%
MexicoNicolas Anelka
96.4%
BrazilPatrick Vieira
96.4%
BrazilNicolas Anelka
96.4%
BrazilSylvain Wiltord
96.4%
JapanPatrick Vieira
96.4%
JapanSylvain Wiltord
96.4%
JapanNicolas Anelka
96.4%
DenmarkPatrick Vieira
96.4%
DenmarkSylvain Wiltord
96.4%
ChilePatrick Vieira
96.4%
ChileSylvain Wiltord
96.4%
AlgeriaPatrick Vieira
96.4%
AustraliaPatrick Vieira
96.4%
GermanyFrank Leboeuf
95.6%
JapanFrank Leboeuf
95.6%
AustraliaFrank Leboeuf
95.6%
BrazilFrank Leboeuf
95.6%
JapanFrank Leboeuf
95.6%
DenmarkFrank Leboeuf
95.6%
AlgeriaFrank Leboeuf
95.6%
AustraliaFrank Leboeuf
95.6%
JapanRobert Pirès
94.8%
PortugalRobert Pirès
94.8%
South KoreaRobert Pirès
94.8%
MexicoRobert Pirès
94.8%
BrazilRobert Pirès
94.8%
JapanRobert Pirès
94.8%
DenmarkRobert Pirès
94.8%
ChileRobert Pirès
94.8%
AlgeriaRobert Pirès
94.8%
AustraliaRobert Pirès
94.8%
GermanyChristophe Dugarry
90.8%
Match Answer % Correct
JapanChristophe Dugarry
90.8%
SpainClaude Makélélé
90.8%
SpainChristophe Dugarry
90.8%
South KoreaChristophe Dugarry
90.8%
AustraliaClaude Makélélé
90.8%
AustraliaChristophe Dugarry
90.8%
GermanyVincent Candela
90.4%
JapanVincent Candela
90.4%
AlgeriaVincent Candela
90.4%
AustraliaVincent Candela
90.4%
GermanyWilly Sagnol
89.6%
South KoreaWilly Sagnol
89.6%
MexicoWilly Sagnol
89.6%
BrazilWilly Sagnol
89.6%
AustraliaYouri Djorkaeff
89.2%
BrazilYouri Djorkaeff
89.2%
JapanYouri Djorkaeff
89.2%
AustraliaGrégory Coupet
88.8%
JapanUlrich Ramé
87.6%
South KoreaUlrich Ramé
87.6%
BrazilUlrich Ramé
87.6%
JapanUlrich Ramé
87.6%
ChileUlrich Ramé
87.6%
SpainChristian Karembeu
84.7%
AustraliaChristian Karembeu
84.7%
MexicoMickaël Landreau
84.7%
BrazilChristian Karembeu
84.7%
JapanChristian Karembeu
84.7%
AustraliaChristian Karembeu
84.7%
SpainLionel Letizi
78.7%
SpainMikaël Silvestre
73.1%
PortugalMikaël Silvestre
73.1%
South KoreaMikaël Silvestre
73.1%
MexicoMikaël Silvestre
73.1%
ChileMikaël Silvestre
73.1%
South KoreaÉric Carrière
65.5%
MexicoÉric Carrière
65.5%
AustraliaOlivier Dacourt
63.1%
AustraliaFrédéric Née
57.4%
South KoreaSteve Marlet
54.6%
MexicoSteve Marlet
54.6%
JapanSteve Marlet
54.6%
AustraliaLaurent Robert
52.6%
AustraliaNicolas Gillet
47.8%
AustraliaJérémie Bréchet
47.8%
AustraliaZoumana Camara
47.4%
JapanSabri Lamouchi
39.8%
Remove Ads.
Support Sporcle.
Get the best of Sporcle when you Go Orange. This ad-free experience offers more features, more stats, and more fun while also helping to support Sporcle. Thank you for becoming a member.

You're not logged in!

Compare scores with friends on all Sporcle quizzes.
OR
Log In

Show Comments

Extras

Top Quizzes Today


Score Distribution

Your Account Isn't Verified!

In order to create a playlist on Sporcle, you need to verify the email address you used during registration. Go to your Sporcle Settings to finish the process.

Report this User

Report this user for behavior that violates our Community Guidelines.

Details: